000
00421nam a2200145Ia 4500
008
100204s9999 xx 000 0 und d
082
_b
4097
100
_a
नरवणे सुधा
245
_a
दोलाचल
260
_b
"विश्वमोहिनी प्रकाशन , पुणे"
_c
1973
300
_a
146
630
_a
दोलाचल
730
_a
दोलाचल
942
_c
BOOK
999
_c
465715
_d
465712